Communication skills (Record no. 10416)

MARC details
000 -LEADER
fixed length control field 00518cam a2200205ua 4500
008 - FIXED-LENGTH DATA ELEMENTS--GENERAL INFORMATION
fixed length control field 191011n ii |||gr||||Z||||||eng
020 ## - INTERNATIONAL STANDARD BOOK NUMBER
International Standard Book Number 9780199457069
040 ## - CATALOGING SOURCE
Transcribing agency MAIN
041 ## - LANGUAGE CODE
-- eng
082 ## - DEWEY DECIMAL CLASSIFICATION NUMBER
Classification number 425
100 ## - MAIN ENTRY--PERSONAL NAME
Personal name Sanjay Kumar,
Relator term
245 ## - TITLE STATEMENT
Title Communication skills
Statement of responsibility, etc. By Sanjay Kumar and Pushp Lata
250 ## - EDITION STATEMENT
Edition statement 4th imp.
260 ## - PUBLICATION, DISTRIBUTION, ETC.
Place of publication, distribution, etc. New Delhi:
Name of publisher, distributor, etc. Oxford university press,
Date of publication, distribution, etc. 2017.
300 ## - PHYSICAL DESCRIPTION
Extent 600p.
700 ## - ADDED ENTRY--PERSONAL NAME
Personal name Pushp Lata,
Relator term
942 ## - ADDED ENTRY ELEMENTS (KOHA)
Koha item type Books
653 ## - INDEX TERM--UNCONTROLLED
Uncontrolled term English grammar
Holdings
Withdrawn status Lost status Damaged status Not for loan Home library Current library Shelving location Date acquired Total Checkouts Full call number Barcode Date last seen Date last checked out Copy number Price effective from Koha item type
        Central Library, Naharkatiya College Central Library, Naharkatiya College General Stacks 19/09/2020 1 425Communication skills | KUM 27527 24/04/2025 08/04/2025 1 19/09/2020 Books

Naharkatiya College © 2020. All rights reserved.

Powered By